Spotreba mlieka vo svete má stúpajúci trend, na Slovensku je stále nízka

Súčasnosť a perspektívy slovenského mliekarenstva. Znižovanie produkcie mlieka, výroby mliečnych výrobkov a ich spotreby. Vývoj spotreby mlieka a mliečnych výrobkov. Vývoj počtu dojníc, dojivosti a výroby mlieka. Perspektívne úlohy slovenského mliekarenstva. Mliekari iniciujú zavedenie mliečnej stra...

Full description

Saved in:
Bibliographic Details
Main Author: Kuča, Š.
Format: Book Chapter
Language:Slovak
Subjects:
Tags: Add Tag
No Tags, Be the first to tag this record!

MARC

LEADER 00000naa a2200000 4500
001 r027186
005 20230921081206.8
041 0 |a slo 
044 |a SK 
245 1 0 |a Spotreba mlieka vo svete má stúpajúci trend, na Slovensku je stále nízka  |c Š. Kuča 
520 |a Súčasnosť a perspektívy slovenského mliekarenstva. Znižovanie produkcie mlieka, výroby mliečnych výrobkov a ich spotreby. Vývoj spotreby mlieka a mliečnych výrobkov. Vývoj počtu dojníc, dojivosti a výroby mlieka. Perspektívne úlohy slovenského mliekarenstva. Mliekari iniciujú zavedenie mliečnej stravy do škôl. 
610 2 0 |a mlieko 
610 2 0 |a spotreba potravín 
610 2 0 |a výživa 
610 2 0 |a výroba živočíšna 
610 2 0 |a podnik 
610 2 0 |a koncentrácia 
610 2 0 |a školy 
610 2 0 |a Slovensko 
100 1 |a Kuča, Š.